Stromy, koruna každej záhrady

Bibliographic Details
Main Author: Čurda, Martin (Author)
Format: Article
Language:Slovak
PhysicalDescription:Fotogr., obr.
ISSN:0862-5565
Subjects:

MARC

LEADER 00000nab a2200000 ar4500
001 vtls008941192
003 SK-MaSNL
005 20260303070823.0
008 070131c2006 xo |||||||||||000 b|slo
015 |a SNBRB2007/01  |2 snkbucl 
038 |a SNKBUCL 
040 |a SNKBUCL  |b slo  |c SNKBUCL  |e AACR2 
041 0 |a slo 
044 |a xo  |c SK 
080 |a 635.92.055  |2 1997 
100 1 |a Čurda, Martin  |4 aut  |9 270110 
245 1 0 |a Stromy, koruna každej záhrady  |c Martin Čurda 
300 |b Fotogr., obr. 
650 0 7 |a okrasné záhrady  |2 snkbucl  |9 4287 
650 0 7 |a okrasné záhradné rastliny  |2 snkbucl  |9 311448 
650 0 7 |a stromy  |2 snkbucl  |9 16185 
773 0 |t Záhradkár  |g Roč. XLII, č. 11 (2006), s. 24-27  |x 0862-5565 
852 |a SNK  |b KIS3GCP 
999 |c 1757063  |d 1758993